000 01269nam a22003497a 4500
003 CHAP
005 20220329143346.0
008 081215s2007 mx a r 00010 spa d
010 _a95493
011 _a96465
020 _a9703242855
035 _a107119
040 _cCHAP
082 0 4 _a589.3
_bG53
245 0 0 _aGéneros de algas marinas tropicales de México :
_balgas verdes
_c/por Daniel León Álvarez ...[et al.]
260 _aMéxico :
_bUNAM. Facultad de Ciencias,
_c2007
300 _avii, 171 p. :
_bilus.
490 4 _aLas prensas de ciencias
590 _aBATCH-UPD
_b10
_c20130110
_lUCH01
_h0650
590 _aBATCH-UPD
_b10
_c20130410
_lUCH01
_h0335
590 _aBATCH-UPD
_b10
_c20130914
_lUCH01
_h0047
590 _aCONVERSION
_b10
_c20130109
_lUCH01
_h1353
650 1 4 _aAlgas.
_93947
650 1 4 _aPlantas acuáticas.
_988897
700 1 _aLeón Álvarez, Daniel.
_966169
830 4 _aLas prensas de ciencias
_965007
901 _aBK
942 _cLIBRO
949 _a589.3 G53
_bBC
_cLIBRO
_d33724002077397
_eLIBRO
_fc.3
_gI.c/e
_h110039
_i107119
_si
_t$150.00
949 _a589.3 G53
_bBC
_cLIBRO
_d33724002077439
_eLIBRO
_fc.2
_gI.c/e
_h110038
_i107119
_sb
_t$150.00
949 _a589.3 G53
_bBC
_cLIBRO
_d33724002078124
_eLIBRO
_gI.c/e
_h110037
_i107119
_si
_t$150.00
999 _c95493
_d95493